LEADER 01041cam2 22002891 450 001 SOBE00050945 005 20160205120611.0 100 $a20160204d1993 |||||ita|0103 ba 101 $aita 102 $aIT 200 0 $a1$aSalvatore D'Elia 210 $aNapoli$cLoffredo$d1995 215 $a120 p.$d24 cm 461 1$1001SOBE00050944$12001 $a<>civiltà letteraria di Roma e la formazione della cultura europea / Salvatore D'Elia 700 1$aD'Elia$b, Salvatore$3AF00003922$4070$0154734 801 0$aIT$bUNISOB$c20160205$gRICA 850 $aUNISOB 852 $aUNISOB$j870$m83516 852 $aUNISOB$j870$m83517 912 $aSOBE00050945 940 $aM 102 Monografia moderna SBN 941 $aW 957 $a870$b000941$gSI$d83516$racquisto$1catenaccif$2UNISOB$3UNISOB$420160204085608.0$520160205120536.0$6catenacci 957 $a870$b000941$i-b$gSI$d83517$racquisto$1catenacci$2UNISOB$3UNISOB$420160205120540.0$520160205120611.0$6catenacci 996 $aSalvatore D'Elia$91724403 996 $a1$91724402 997 $aUNISOB LEADER 01317nam0 22002891i 450 001 RML0244107 005 20231121125708.0 100 $a20121121d1963 ||||0itac50 ba 101 | $ager 102 $ade 181 1$6z01$ai $bxxxe 182 1$6z01$an 200 1 $aGriechische Papyrusurkunden und Ostraka der Heidelberger Papyrus-sammlung$fvon Peter Sattler 210 $aHeidelberg $cWinter $d1963 215 $a56 p., 16 p. di tav.$d32 cm 225 | $aVeröffentlichungen aus der Hidelberger Papyrus-Sammlung. - Heidelberg $eWinter 300 $a[contiene 2 tav., verosimilmente di proprietà di Sijpesteijn, relative a recensioni di altre pubblicazioni] 410 0$1001RML0333270$12001 $aVeröffentlichungen aus der Hidelberger Papyrus-Sammlung. - Heidelberg $eWinter 702 1$aSattler$b, Peter$3RMLV157577 801 3$aIT$bIT-01$c20121121 850 $aIT-FR0017 899 $aBiblioteca umanistica Giorgio Aprea$bFR0017 912 $aRML0244107 950 0$aBiblioteca umanistica Giorgio Aprea$d 52CIS S.Sij.E1.P.Heid.3$e 52VM 0000139985 VM barcode:000001199-10. - Inventario:23 Sijp.VM$fA $h19600101$i20121204 977 $a 52 996 $aGriechische Papyrusurkunden und Ostraka der Heidelberger Papyrus-sammlung$93621220 997 $aUNICAS